000 01088cam a22003854a 4500
001 74481
005 20230410105310.0
008 020926s2002 fr a b 000 0 fre c
035 _a(OCoLC)ocm50808548
040 _aCSt
_cSTF
_dTZT
_dCGU
020 _a2707135992
020 _a9782707135995
029 1 _aTZT
_bJTL00099661
035 _a(OCoLC)50808548
042 _apcc
043 _ae-fr---
050 1 4 _aH 61
_bR425
072 7 _aHV
_2lcco
082 1 4 _a364
_21
100 1 _aRobert, Philippe,
_d1939-
245 1 2 _aL'insécurité en France /
_cPhilippe Robert.
260 _aParis :
_bDécouverte,
_cc2002.
300 _a119 p. :
_bill. ;
_c18 cm.
490 1 _aCollection Reperes;
_vn. 353
504 _aIncludes bibliographical references (p. 112-[114]).
650 0 _aCrime
_zFrance.
653 _aSociology
_aCriminology
730 0 _aCollection Reperes
830 0 _aReperes
830 0 _aCollection Reperes ;
_v353.
938 _aJean Touzot Libraire Editeur
_bTOUZ
_nJTL00099661
_c7,95 EURO
942 _2lcc
_cbk
946 _amjcruz
994 _aC0
_bDRFGD
999 _c33892
_d33892